|
|
|
|
| LEADER |
00000nam0a2200000 4500 |
| 001 |
351297 |
| 005 |
20231102010405.0 |
| 035 |
|
|
|a (RuTPU)RU\TPU\retro\6323
|
| 035 |
|
|
|a RU\TPU\book\271529
|
| 090 |
|
|
|a 351297
|
| 100 |
|
|
|a 20190531d1969 m y0rusy50 ca
|
| 101 |
0 |
|
|a rus
|
| 102 |
|
|
|a RU
|
| 105 |
|
|
|a ac z 001zb
|
| 200 |
1 |
|
|a Ленин в Горках
|f В. В. Волкова
|
| 210 |
|
|
|a Москва
|c Московский рабочий
|d 1969
|
| 215 |
|
|
|a 127 с.
|c ил., портр.
|
| 320 |
|
|
|a Примечания: с. 124-127
|
| 600 |
|
1 |
|a Ленин
|b В. И.
|c настоящая фамилия Ульянов
|c российский политический деятель
|f 1870-1924
|g Владимир Ильич
|2 stltpush
|3 (RuTPU)RU\TPU\pers\1074
|9 486
|
| 606 |
1 |
|
|a Ленин В. И.
|x Ленинские места. Дома-музеи
|2 stltpush
|3 (RuTPU)RU\TPU\subj\77144
|9 87709
|
| 610 |
1 |
|
|a Горки
|
| 610 |
1 |
|
|a вожди
|
| 610 |
1 |
|
|a революционные деятели
|
| 610 |
1 |
|
|a ленинские места
|
| 686 |
|
|
|a Т3(2)6-8
|v LBC/SL-A
|2 rubbk
|
| 700 |
|
1 |
|a Волкова
|b В. В.
|g Валентина Васильевна
|
| 801 |
|
1 |
|a RU
|b 63413507
|c 20140205
|
| 801 |
|
2 |
|a RU
|b 63413507
|c 20190531
|g RCR
|
| 942 |
|
|
|c BK
|